000 00331 a2200157 4500
001 59106
020 _a8532244084
040 _cAnchieta - Pituba
100 _aRocha, Jucenir
240 1 0 _aBrasil em três tempos
_lpor
245 1 0 _aBrasil em três tempos
300 _a133
362 0 _a2000
650 4 _aBrasil
942 _cBK
999 _c59106
_d59106